Largest Cities Starting With B - Statistics

General Stats
  • This quiz has been taken 57 times
  • The average score is 16 of 20
Answer Stats
Country Population City % Correct
Germany 3.8M Berlin
100%
Argentina 13.6M Buenos Aires
100%
Iraq 8.1M Baghdad
98%
Thailand 11.3M Bangkok
98%
China 22.5M Beijing
98%
Colombia 11.7M Bogota
98%
Hungary 1.7M Budapest
98%
Australia 2.5M Brisbane
96%
Romania 1.7M Bucharest
96%
Brazil 4.9M Brasilia
91%
Lebanon 2.3M Beirut
89%
India 14.3M Bangalore
84%
Brazil 6.3M Belo Horizonte
80%
South Korea 3.4M Busan
80%
Colombia 2.3M Barranquilla
66%
Indonesia 2.7M Bandung
63%
Turkey 2.1M Bursa
61%
India 2.6M Bhopal
48%
China 2.4M Baotou
13%
Indonesia 2.6M Bekasi
7%
No matching quizzes found
Score Distribution
Percent of People with Each Score
Percentile by Number Answered
Your Score History
You have not taken this quiz